Living with the AIDS virus : (Record no. 6310)
[ view plain ]
| 000 -LEADER | |
|---|---|
| fixed length control field | 01274cam a22003374a 4500 |
| 001 - CONTROL NUMBER | |
| control field | 6310 |
| 003 - CONTROL NUMBER IDENTIFIER | |
| rucl marc code | BD-RjUL |
| 005 - DATE AND TIME OF LATEST TRANSACTION | |
| control field | 20211208234224.0 |
| 008 - FIXED-LENGTH DATA ELEMENTS--GENERAL INFORMATION | |
| fixed length control field | 140109s2002 ii b b 001 0 eng |
| 020 ## - INTERNATIONAL STANDARD BOOK NUMBER | |
| International Standard Book Number | 0761996222 (US : hb) |
| International Standard Book Number | 8178291681 (India : hb) |
| International Standard Book Number | 0761996230 (US : pb) |
| International Standard Book Number | 817829169X (India : pb) |
| 035 ## - SYSTEM CONTROL NUMBER | |
| System control number | (BD-RjUL)6350 |
| 040 ## - CATALOGING SOURCE | |
| Original cataloging agency | DLC |
| Transcribing agency | DLC |
| Modifying agency | DLC |
| -- | BD-RjUL |
| Language of cataloging | eng |
| 041 ## - LANGUAGE CODE | |
| Language code of text/sound track or separate title | eng |
| 082 00 - DEWEY DECIMAL CLASSIFICATION NUMBER | |
| Classification number | 362.19697920954 |
| Edition number | 21 |
| Author mark and year | LIV 2002 |
| 245 00 - TITLE STATEMENT | |
| Title | Living with the AIDS virus : |
| Remainder of title | the epidemic and the response in India / |
| Statement of responsibility, etc. | editors, Samiran Panda, Anindya Chatterjee, Abu S. Abdul-Quader. |
| 260 ## - PUBLICATION, DISTRIBUTION, ETC. (IMPRINT) | |
| Place of publication, distribution, etc. | New Delhi ; |
| -- | Thousand Oaks, Calif. : |
| Name of publisher, distributor, etc. | Sage, |
| Date of publication, distribution, etc. | c2002. |
| 300 ## - PHYSICAL DESCRIPTION | |
| Pagination | 204 p. : |
| Illustrations | map ; |
| Size | 23 cm. |
| 504 ## - BIBLIOGRAPHY, ETC. NOTE | |
| Bibliography, etc | Includes bibliographical references and index. |
| 650 #0 - SUBJECT ADDED ENTRY--TOPICAL TERM | |
| Topical term or geographic name as entry element | AIDS (Disease) |
| Geographic subdivision | India. |
| 9 (RLIN) | 19865 |
| 700 1# - ADDED ENTRY--PERSONAL NAME | |
| Personal name | Panda, Samiran, |
| Dates associated with a name | 1960- |
| Personal name | Chatterjee, Anindya, |
| Dates associated with a name | 1961- |
| Personal name | Abdul-Quader, Abu S. |
| 856 42 - ELECTRONIC LOCATION AND ACCESS | |
| Materials specified | Publisher description |
| Uniform Resource Identifier | <a href="http://www.loc.gov/catdir/enhancements/fy0657/2002026886-d.html">http://www.loc.gov/catdir/enhancements/fy0657/2002026886-d.html</a> |
| Materials specified | Table of contents only |
| Uniform Resource Identifier | <a href="http://www.loc.gov/catdir/enhancements/fy0657/2002026886-t.html">http://www.loc.gov/catdir/enhancements/fy0657/2002026886-t.html</a> |
| 942 ## - ADDED ENTRY ELEMENTS (KOHA) | |
| Source of classification or shelving scheme | Dewey Decimal Classification |
| Koha item type | Books |
| Lost status | Source of classification or shelving scheme | Damaged status | Not for loan | Collection code | Permanent Location | Current Location | Shelving location | Date acquired | Source of acquisition | Cost, normal purchase price | Total Checkouts | Full call number | Date last seen | Copy number | Koha item type |
|---|---|---|---|---|---|---|---|---|---|---|---|---|---|---|---|
| Dewey Decimal Classification | Non-fiction | Central Library, University of Rajshahi | Central Library, University of Rajshahi | 29/04/2008 | Paragon Enterprise | 550.00 | 362.19697920954 LIV 2002 | 09/01/2014 | C-5 | Books | |||||
| Dewey Decimal Classification | Non-fiction | Central Library, University of Rajshahi | Central Library, University of Rajshahi | 24/06/2006 | Paragon Enterpris | 295.00 | 362.19697920954 LIV 2002 | 22/08/2016 | C-2 | Books | |||||
| Dewey Decimal Classification | Non-fiction | Central Library, University of Rajshahi | Central Library, University of Rajshahi | 24/06/2006 | Paragon Enterprise | 295.00 | 362.19697920954 LIV 2002 | 22/08/2016 | C-3 | Books | |||||
| Dewey Decimal Classification | Non-fiction | Central Library, University of Rajshahi | Central Library, University of Rajshahi | 22/08/2016 | Paragon Enterprise | 550.00 | 362.19697920954 LIV 2002 | 22/08/2016 | C-4 | Books | |||||
| Dewey Decimal Classification | Non-fiction | Central Library, University of Rajshahi | Central Library, University of Rajshahi | 16/11/2005 | Dhaka,Paragon Enterprise Lit., | 295.00 | 362.19697920954 LIV 2002 | 05/10/2016 | C-6 | Books | |||||
| Dewey Decimal Classification | Not For Loan | Non-fiction | Central Library, University of Rajshahi | Central Library, University of Rajshahi | Reading Room | 26/11/2005 | Dhaka, Paragon Enterprises Ltd. | 295.00 | 362.19697920954 LIV 2003 | 28/12/2016 | C-1 | Books |